วิทยาลัยพยาบาลบรมราชชนนี ยะลา
ระบบห้องสมุดอัตโนมัติ ULIBM BCNYALA - V.6
เปลี่ยนเป็นภาษาไทย

Change to English
 แสดงรายละเอียดบรรณานุกรม
  กลับหน้าหลัก

Brief Record : Get Marc (ISO 2709) : E-mail record : QR code ปิดหน้าต่าง
ติด...ไม่ติดเตียง Review โดย
อีมาน สะแอ
ห้องสมุดวพบ.ยะลา
อีมาน สะแอ เมื่อ20/เมษายน/2569
สารบัญ
-- สารพันคำถามเกี่ยวกับการเตรียมตัวในการดูแลผู้ป่วยติดเตียง
-- การดูแลเรื่องอาหาร
-- การดูแลสุขอนามัยส่วนบุคคล
-- การดูแลเรื่องหายใจ
-- การดูแลเรื่อวขับถ่าย
-- การเคลื่อนย้ายผู้ป่วย
-- การบริหารร่างกายผู้ป่วย
-- การดูแลบาดแผล
-- ภาวะแทรกซ้อนที่ยบบ่อยในผู้ป่วยติดเตียง
-- การประเมินผู้ป่วยติดเตียงเบื้องต้น
-- การประเมินผู้ป่วยติดเตียงบื้องต้น
-- การจัดสิ่งแวดล้อมที่พักอาศัยและความปลอดภัย
-- การดูแลสุขภาพใจของผู้ป่วยและผู้ดูแลเมื่อต้องติดเตียง

E-books : เกี่ยวกับ Collections
LEADER 00000nam 2200000uu 4500
001    3846
003     ULIBM
008    260420s2567||||th 000 0 tha d
060 04 ^aWT100^bศ449ต
100 1  ^aศีริจันทร์ งาทอง , บรรณาธิการ
245    ^aติด...ไม่ติดเตียง/^cศีริจันทร์ งาทอง และแอน ไทยอุดม, บรรณาธิการ
246 31 ^aCaregivers
250    ^aพิมพ์ครั้งที่ 1
260    ^aกรุงเทพฯ :^bทีพี ปริ้นติ้ง,^c2567.
300    ^a136 หน้า :^bภาพประกอบ ;^c21 ซม.
650  4 ^aผู้สูงอายุ^xการดูแล
650  4 ^aผู้ป่วยติดเตียง^xการดูแล
700 0  ^aแอน ไทยอุดม, บรรณาธิการ
710 0  ^aวิทยาลัยพยาบาลกองทัพบก กรมแพทย์ทหารบก
999    ^aอีมาน
รายการนี้ยังไม่มีแท็ก
คุณยังไม่ได้ล็อกอิน คุณสามารถมีกิจกรรมร่วมกับเว็บไซต์ได้ แต่ต้องล็อกอินก่อน ::
  ล็อกอิน
ลำดับที่ ประเภท เลขเรียก สถานที่ สถานะ
1. หนังสือทางการพยาบาล
หนังสือสำรอง
สถานะ=หนังสือสำรอง
WT100 ศ449ต 2567 ฉ.1 
  
ห้องสมุดวพบ.ยะลา
►หนังสือสำรอง
On Shelf
  ขอยืม
2. หนังสือทางการพยาบาล
หนังสือทางการพยาบาล
WT100 ศ449ต 2567 ฉ.2 
  
ห้องสมุดวพบ.ยะลา
►หนังสือ ตำรา ทางการพยาบาล
On Shelf
  ขอยืม
3. หนังสือทางการพยาบาล
หนังสือทางการพยาบาล
WT100 ศ449ต 2567 ฉ.3 
  
ห้องสมุดวพบ.ยะลา
►หนังสือ ตำรา ทางการพยาบาล
On Shelf
  ขอยืม
   [แสดง 3/3 รายการ]

BibComment


ยังไม่เคยถูกคอมเมนท์

คอมเมนท์ทรัพยากรรายการนี้
  คอมเมนท์: ติดไม่ติดเตียง ศ..
Bib 3846

 
 
 

 Union Library Management : ULibM

ดูหนังออนไลน์

Copyright 2026. All Rights Reserved.